Primavera con nubarrones (Registro nro. 18239)
[ vista simple ]
| 000 -LEADER | |
|---|---|
| fixed length control field | 00376 a2200133 4500 |
| 001 - CONTROL NUMBER | |
| control field | ART_15589 |
| 005 - DATE AND TIME OF LATEST TRANSACTION | |
| control field | 20260410161735.0 |
| 008 - FIXED-LENGTH DATA ELEMENTS--GENERAL INFORMATION | |
| fixed length control field | 260409a |
| 100 1# - MAIN ENTRY--PERSONAL NAME | |
| Personal name | Expósito, David |
| 245 10 - TITLE STATEMENT | |
| Title | Primavera con nubarrones |
| 700 1# - ADDED ENTRY--PERSONAL NAME | |
| Personal name | Szewach, Enrique |
| 700 1# - ADDED ENTRY--PERSONAL NAME | |
| Personal name | Blasco, Eduardo |
| 773 0# - HOST ITEM ENTRY | |
| Title | Ejecutivos de finanzas |
| Related parts | - Año 6, Nº 50 (oct. 1988) |
| Record control number | REV2863 |
No hay ítems disponibles.